| 000 | 01118nam a2200301 a 4500 | ||
|---|---|---|---|
| 001 | 000112307 | ||
| 003 | CHAP | ||
| 005 | 20220329144256.0 | ||
| 008 | 160301s2016 mx |sm |||||||spa d | ||
| 010 | _a108768 | ||
| 011 | _a109740 | ||
| 040 | _cCHAP | ||
| 090 | _aTesis | ||
| 100 | 1 |
_aUribe Soriano, Alfonso _9130531 |
|
| 245 | 1 | 0 |
_aNeoliberalismo y atención al rezago y vulnerabilidad social en México. Programa de atención a jornaleros agrícolas _h[En línea] _cpor Alfonso Uribe Soriano. |
| 260 |
_aChapingo, Méx. : _bEl autor, _c2016. |
||
| 500 | _aPara ver el contenido del material haga clic en la liga | ||
| 502 | _aTesis (M. C. en Sociologia Rural) -- UACH. Departamento de Soiologia Rural | ||
| 590 |
_aE5652GLJ _b05 _c20160301 _lUCH01 _h1033 |
||
| 590 |
_aE5652GLJ _b05 _c20160301 _lUCH01 _h1035 |
||
| 650 | 1 | 4 |
_aCampesinado _xCondiciones económicas. _9130533 |
| 650 | 1 | 4 |
_aCampesinado _xCondiciones sociales. _9130532 |
| 650 | 1 | 4 |
_aNeolibralismo _zMéxico. _9127283 |
| 856 |
_aFinding aid _uhttp://10.13.5.2/tesis/sist112307.pdf _zTeclea aquí |
||
| 901 | _aBK | ||
| 942 | _cTESIS | ||
| 942 | _n0 | ||
| 999 |
_c108768 _d108768 |
||